[Event "Madrid-ch sf"]
[Site "Madrid"]
[Date "2022.05.13"]
[Round "9"]
[White "Baeza Escudero, Javier"]
[Black "Lorenzo Bailador, Alfredo"]
[Result "1-0"]
[WhiteElo "1874"]
[BlackElo "1962"]
[PlyCount "99"]
[EventDate "2022.05.04"]
[EventType "swiss"]
[EventRounds "9"]
[EventCountry "ESP"]
[SourceTitle "EXT 2023"]
[Source "ChessBase"]
[SourceDate "2022.10.05"]
[SourceVersion "1"]
[SourceVersionDate "2022.10.05"]
[SourceQuality "1"]

1. e4 e5 2. Nf3 Nc6 3. d4 exd4 4. Nxd4 Bc5 5. Nb3 Bb6 6. Nc3 Qf6 7. Qe2 Nge7 8. Be3 0-0 9. 0-0-0 Bxe3+ 10. Qxe3 a6 11. f4 d6 12. Be2 Qh4 13. g3 Qh3 14. Bf1 Qh6 15. h3 f5 16. Nd5 Nxd5 17. exd5 Na7 18. Nd4 Bd7 19. Bd3 Rae8 20. Qd2 Qf6 21. Nf3 Nc8 22. Ng5 Nb6 23. c4 Qd4 24. Kb1 Qe3 25. Qg2 Na4 26. Nf3 Qe7 27. g4 Nc5 28. Bc2 Qe2 29. Qxe2 Rxe2 30. Nd4 Rf2 31. gxf5 a5 32. Rdf1 Rxf1+ 33. Rxf1 Rf6 34. Ne6 c6 35. Rg1 g6 36. fxg6 hxg6 37. f5 Bxe6 38. fxe6 Kg7 39. h4 Nxe6 40. dxe6 Rxe6 41. h5 Re5 42. hxg6 d5 43. cxd5 Rxd5 44. Rh1 Rg5 45. Kc1 b5 46. Rh7+ Kg8 47. Bb3+ Kf8 48. Rf7+ Ke8 49. g7 c5 50. Rf8+ 1-0

[Event "Madrid-ch sf"]
[Site "Madrid"]
[Date "2022.05.10"]
[Round "7"]
[White "Lorenzo Bailador, Alfredo"]
[Black "Feal Albala, Alonso"]
[Result "0-1"]
[WhiteElo "1962"]
[BlackElo "1892"]
[PlyCount "126"]
[EventDate "2022.05.04"]
[EventType "swiss"]
[EventRounds "9"]
[EventCountry "ESP"]
[SourceTitle "EXT 2023"]
[Source "ChessBase"]
[SourceDate "2022.10.05"]
[SourceVersion "1"]
[SourceVersionDate "2022.10.05"]
[SourceQuality "1"]

1. e4 c5 2. c3 d5 3. exd5 Qxd5 4. d4 Nf6 5. Nf3 e6 6. Na3 Nc6 7. Bc4 Qe4+ 8. Qe2 Qxe2+ 9. Bxe2 a6 10. Nc4 Nd5 11. Nce5 Nxe5 12. dxe5 Be7 13. 0-0 0-0 14. c4 Nb4 15. a3 Nc6 16. Rd1 f6 17. exf6 Bxf6 18. Be3 b6 19. Rab1 e5 20. b4 Bf5 21. Rb3 Bc2 22. Rd6 Bxb3 23. Rxc6 cxb4 24. Rxb6 e4 25. Nd4 Bxd4 26. Bxd4 Rfb8 27. axb4 Rxb6 28. Bxb6 Kf7 29. Kf1 Ke6 30. Ke1 Kd6 31. Kd2 Kc6 32. Ba5 Rf8 33. Ke3 Bc2 34. f3 Re8 35. Kd2 exf3 36. Bxf3+ Be4 37. Ke3 Bxf3+ 38. Kxf3 Rf8+ 39. Kg4 Rf2 40. Kg3 Rc2 41. b5+ axb5 42. cxb5+ Kxb5 43. Be1 h5 44. h4 Rc4 45. Kf3 Kc6 46. g3 Kd5 47. Ba5 Ke6 48. Kg2 Kf5 49. Kh3 Rg4 50. Bc7 Ke4 51. Kg2 Ke3 52. Bb6+ Ke2 53. Ba5 Ra4 54. Bc7 Ke3 55. Bb6+ Ke4 56. Bc5 Ra2+ 57. Kh3 Kf3 58. Bd6 Ra1 59. Kh2 Kg4 60. Be5 Ra2+ 61. Kg1 g6 62. Bd6 Kh3 63. Be5 Rg2+ 0-1

[Event "Madrid-ch Seniors 50"]
[Site "Madrid"]
[Date "2022.04.07"]
[Round "9"]
[White "Longa Yauca, Javier"]
[Black "Lorenzo Bailador, Alfredo"]
[Result "1-0"]
[WhiteElo "2239"]
[BlackElo "1985"]
[PlyCount "93"]
[EventDate "2022.03.28"]
[EventType "swiss"]
[EventRounds "9"]
[EventCountry "ESP"]
[SourceTitle "EXT 2023"]
[Source "ChessBase"]
[SourceDate "2022.10.05"]
[SourceVersion "1"]
[SourceVersionDate "2022.10.05"]
[SourceQuality "1"]

1. d4 d5 2. c4 e6 3. Nc3 Be7 4. Qc2 Nf6 5. Bg5 h6 6. Bxf6 Bxf6 7. Nf3 0-0 8. 0-0-0 Nc6 9. e3 a6 10. a3 Na5 11. c5 b6 12. b4 Nc6 13. h4 bxc5 14. dxc5 Bxc3 15. Qxc3 Qf6 16. Qxf6 gxf6 17. h5 Ne5 18. Be2 Kh8 19. Nd4 Rg8 20. g3 Bd7 21. Kd2 Ba4 22. Rc1 c6 23. Ra1 f5 24. Rhc1 Rgc8 25. Rab1 Kh7 26. f4 Nd7 27. Bd3 Kg7 28. Ke2 Nf6 29. Rg1 Rg8 30. Kf3 Kf8 31. Rb2 Ke7 32. Rh2 Kd7 33. Nxf5 exf5 34. Bxf5+ Kc7 35. g4 Rae8 36. g5 hxg5 37. fxg5 Ne4 38. Kf4 Bb3 39. h6 Rh8 40. h7 Bc4 41. g6 fxg6 42. Rxg6 Ref8 43. Rg7+ Kb8 44. Ke5 Bd3 45. Kd4 Bb5 46. Rhg2 Nf6 47. Ke5 1-0

[Event "Madrid-ch Seniors 50"]
[Site "Madrid"]
[Date "2022.04.01"]
[Round "5"]
[White "De Paz Nistal, Santiago"]
[Black "Lorenzo Bailador, Alfredo"]
[Result "1/2-1/2"]
[WhiteElo "1873"]
[BlackElo "1985"]
[PlyCount "92"]
[EventDate "2022.03.28"]
[EventType "swiss"]
[EventRounds "9"]
[EventCountry "ESP"]
[SourceTitle "EXT 2023"]
[Source "ChessBase"]
[SourceDate "2022.10.05"]
[SourceVersion "1"]
[SourceVersionDate "2022.10.05"]
[SourceQuality "1"]

1. e4 e5 2. Nf3 Nc6 3. Bb5 a6 4. Ba4 Nf6 5. 0-0 Nxe4 6. d4 b5 7. Bb3 d5 8. dxe5 Be6 9. c3 Bc5 10. Nbd2 0-0 11. Bc2 Bf5 12. Nb3 Bg4 13. Bf4 Bb6 14. Qe2 Nc5 15. Rad1 Ne7 16. Bxh7+ Kh8 17. Bc2 Ne6 18. Bc1 c5 19. h3 Bh5 20. g4 Bg6 21. Bg5 Nxg5 22. Nxg5 Bxc2 23. Qxc2 Ng6 24. Nxf7+ Rxf7 25. Qxg6 Re7 26. f4 a5 27. Kg2 a4 28. Nc1 Qc7 29. Kg3 Rd8 30. Rd3 c4 31. Rdf3 d4 32. cxd4 Bxd4 33. Qc2 Red7 34. Ne2 Bb6 35. Nc3 Rd2 36. Qb1 Qc6 37. Ne4 R2d3 38. Nd6 R8xd6 39. exd6 Qxd6 40. Rxd3 cxd3 41. Qc1 d2 42. Qc8+ Bd8 43. Qc2 Qd4 44. Rd1 Qe3+ 45. Kg2 Qe2+ 46. Kg3 Qe3+ 1/2-1/2

[Event "Madrid-ch Seniors 50"]
[Site "Madrid"]
[Date "2022.03.28"]
[Round "1"]
[White "Hernandez Gutierrez, Jose"]
[Black "Lorenzo Bailador, Alfredo"]
[Result "1/2-1/2"]
[WhiteElo "1732"]
[BlackElo "1985"]
[PlyCount "31"]
[EventDate "2022.03.28"]
[EventType "swiss"]
[EventRounds "9"]
[EventCountry "ESP"]
[SourceTitle "EXT 2023"]
[Source "ChessBase"]
[SourceDate "2022.10.05"]
[SourceVersion "1"]
[SourceVersionDate "2022.10.05"]
[SourceQuality "1"]

1. d4 d5 2. c4 e6 3. Nf3 Nf6 4. g3 Be7 5. Bg2 0-0 6. 0-0 dxc4 7. Ne5 c5 8. dxc5 Qc7 9. Nxc4 Qxc5 10. b3 Nc6 11. Bb2 Rd8 12. Nbd2 Qh5 13. e3 Bd7 14. Qxh5 Nxh5 15. Rfd1 Nf6 16. Ne5 1/2-1/2

[Event "Madrid-ch Seniors 50"]
[Site "Madrid"]
[Date "2020.01.20"]
[Round "6"]
[White "Lorenzo Bailador, Alfredo"]
[Black "Alonso Abad, Enrique"]
[Result "1-0"]
[WhiteElo "2019"]
[BlackElo "2002"]
[PlyCount "85"]
[EventDate "2020.01.13"]
[EventType "swiss"]
[EventRounds "9"]
[EventCountry "ESP"]
[SourceTitle "CBM 194 Extra"]
[Source "ChessBase"]
[SourceDate "2020.03.31"]
[SourceVersion "1"]
[SourceVersionDate "2020.03.31"]
[SourceQuality "1"]

1. e4 e6 2. d4 d5 3. e5 c5 4. c3 Qb6 5. Nf3 Nc6 6. Be2 Nh6 7. Bxh6 gxh6 8. Qd2 Bg7 9. 0-0 0-0 10. Na3 Bd7 11. Rab1 f6 12. dxc5 Qxc5 13. b4 Qe7 14. c4 fxe5 15. cxd5 exd5 16. b5 Nd4 17. Nxd4 Qxa3 18. Nc2 Qd6 19. Bf3 Rxf3 20. gxf3 Bh3 21. Ne3 Bxf1 22. Kxf1 Rd8 23. Qa5 Qd7 24. Qxa7 d4 25. Ng2 Qf5 26. Rb3 d3 27. Qxb7 d2 28. Ne3 d1Q+ 29. Nxd1 Rxd1+ 30. Kg2 Qg5+ 31. Kh3 Rd4 32. Qc8+ Bf8 33. f4 Qh5+ 34. Kg2 Qg6+ 35. Rg3 exf4 36. Qe6+ Kh8 37. Rxg6 hxg6 38. Qxg6 Rd5 39. Qe6 Rc5 40. Qf6+ Bg7 41. Qd8+ Kh7 42. b6 Rg5+ 43. Kf3 1-0

[Event "Madrid-ch Seniors 50"]
[Site "Madrid"]
[Date "2020.01.16"]
[Round "4"]
[White "Lorenzo Bailador, Alfredo"]
[Black "Camarero Izquierdo, Juan Carlos"]
[Result "1/2-1/2"]
[WhiteElo "2019"]
[BlackElo "1807"]
[PlyCount "57"]
[EventDate "2020.01.13"]
[EventType "swiss"]
[EventRounds "9"]
[EventCountry "ESP"]
[SourceTitle "CBM 194 Extra"]
[Source "ChessBase"]
[SourceDate "2020.03.31"]
[SourceVersion "1"]
[SourceVersionDate "2020.03.31"]
[SourceQuality "1"]

1. e4 c5 2. c3 e6 3. d4 d5 4. e5 Nc6 5. Nf3 Nge7 6. Bd3 cxd4 7. cxd4 Bd7 8. Nc3 Nb4 9. Bb1 Rc8 10. Be3 Ng6 11. h4 a6 12. h5 Ne7 13. Qd2 Qc7 14. h6 g6 15. Bg5 Ng8 16. a3 Nc6 17. Qf4 f5 18. Ba2 Na5 19. 0-0 Nc4 20. Rfc1 Qb8 21. Bxc4 Rxc4 22. Qh4 Rc7 23. Bf6 Nxf6 24. Qxf6 Rg8 25. Qh4 Be7 26. Ng5 Bxg5 27. Qxg5 Qd8 28. f4 Kf7 29. Ne2 1/2-1/2

[Event "Madrid-ch Seniors 50"]
[Site "Madrid"]
[Date "2020.01.15"]
[Round "3"]
[White "Fernandez Garcia, Ignacio"]
[Black "Lorenzo Bailador, Alfredo"]
[Result "0-1"]
[WhiteElo "1770"]
[BlackElo "2019"]
[PlyCount "71"]
[EventDate "2020.01.13"]
[EventType "swiss"]
[EventRounds "9"]
[EventCountry "ESP"]
[SourceTitle "CBM 194 Extra"]
[Source "ChessBase"]
[SourceDate "2020.03.31"]
[SourceVersion "1"]
[SourceVersionDate "2020.03.31"]
[SourceQuality "1"]

1. e4 e5 2. Nc3 Nf6 3. f4 d5 4. exd5 Nxd5 5. fxe5 Nxc3 6. bxc3 Qh4+ 7. g3 Qe4+ 8. Qe2 Qxh1 9. Qe3 Nc6 10. d4 Qd5 11. Ne2 Bf5 12. Bd2 Bxc2 13. Qf2 Be7 14. Bg2 Qd7 15. Nf4 0-0 16. Bh3 Bf5 17. g4 Bxg4 18. Bg2 f6 19. e6 Bxe6 20. d5 Bf7 21. dxc6 bxc6 22. Be4 Rfe8 23. Ne2 Ba3 24. Bf3 Bd5 25. Rd1 Bxf3 26. Qxf3 Qd5 27. Qxd5+ cxd5 28. Kf1 Bc5 29. Bf4 c6 30. Rb1 Re4 31. Bd2 Rae8 32. Ng3 Ra4 33. Rb2 Be3 34. Bxe3 Rxe3 35. Kg2 g6 36. Nf5 0-1

[Event "Madrid-ch Seniors 50"]
[Site "Madrid"]
[Date "2020.01.14"]
[Round "2"]
[White "Lorenzo Bailador, Alfredo"]
[Black "Garcia Martin, Esteban"]
[Result "0-1"]
[WhiteElo "2019"]
[BlackElo "1856"]
[PlyCount "162"]
[EventDate "2020.01.13"]
[EventType "swiss"]
[EventRounds "9"]
[EventCountry "ESP"]
[SourceTitle "CBM 194 Extra"]
[Source "ChessBase"]
[SourceDate "2020.03.31"]
[SourceVersion "1"]
[SourceVersionDate "2020.03.31"]
[SourceQuality "1"]

1. e4 c5 2. c3 Nf6 3. e5 Nd5 4. d4 cxd4 5. Nf3 d6 6. exd6 Qxd6 7. Bc4 Nb6 8. Bb5+ Nc6 9. Nxd4 Bd7 10. Nxc6 Qxd1+ 11. Kxd1 bxc6 12. Bd3 e5 13. Re1 Bd6 14. Nd2 0-0 15. Ne4 Be7 16. Be3 Rad8 17. Kc2 f5 18. Nc5 Bc8 19. f3 Kh8 20. Bg1 Bf6 21. g3 g5 22. Re2 h5 23. h3 Rg8 24. Rf1 Kg7 25. a4 Nd5 26. a5 Rge8 27. Rfe1 Kh6 28. Bh2 g4 29. hxg4 hxg4 30. fxg4 e4 31. Ba6 Bxa6 32. Nxa6 fxg4 33. Rxe4 Rxe4 34. Rxe4 Bg5 35. Bg1 Nf6 36. Re2 Rd5 37. b4 Nh5 38. Rg2 Rd7 39. Nc5 Re7 40. Bd4 Bf6 41. Kd3 Bxd4 42. Kxd4 Nf6 43. Rh2+ Kg6 44. Rh8 Ne8 45. Rg8+ Ng7 46. Ne4 Kf7 47. Rc8 Nf5+ 48. Kd3 Rxe4 49. Rxc6 Nxg3 50. Rc7+ Re7 51. Rc4 Rd7+ 52. Ke3 Nf5+ 53. Kf4 Nh6 54. b5 Ke6 55. Kg5 Nf7+ 56. Kf4 Ne5 57. Re4 Rf7+ 58. Ke3 Rf3+ 59. Kd2 Kd5 60. Rd4+ Kc5 61. b6 axb6 62. axb6 Kxb6 63. Ke2 Rxc3 64. Kf2 Kc5 65. Rd8 Rd3 66. Re8 Kd4 67. Kg2 Ke4 68. Rg8 Kf5 69. Rf8+ Kg5 70. Re8 Ng6 71. Rg8 Ra3 72. Rg7 Kf6 73. Rb7 Nf4+ 74. Kg1 Ra2 75. Rb8 Kg5 76. Rf8 Nh3+ 77. Kh1 Kh4 78. Rf7 Ra1+ 79. Kh2 Ra2+ 80. Kh1 Ng5 81. Rb7 Kg3 0-1

[Event "Madrid-ch Seniors 50"]
[Site "Madrid"]
[Date "2020.01.13"]
[Round "1"]
[White "Corredor Gonzalez, Angel L"]
[Black "Lorenzo Bailador, Alfredo"]
[Result "0-1"]
[WhiteElo "1733"]
[BlackElo "2019"]
[PlyCount "56"]
[EventDate "2020.01.13"]
[EventType "swiss"]
[EventRounds "9"]
[EventCountry "ESP"]
[SourceTitle "CBM 194 Extra"]
[Source "ChessBase"]
[SourceDate "2020.03.31"]
[SourceVersion "1"]
[SourceVersionDate "2020.03.31"]
[SourceQuality "1"]

1. e4 e5 2. Nf3 Nc6 3. Bc4 Nf6 4. d4 exd4 5. 0-0 Nxe4 6. Re1 d5 7. Bxd5 Qxd5 8. Nc3 Qa5 9. Nxe4 Be6 10. Neg5 0-0-0 11. Nxe6 fxe6 12. Rxe6 Bd6 13. Bd2 Qh5 14. Qe2 d3 15. Qe4 Nd4 16. h3 Nxe6 17. Qxe6+ Kb8 18. cxd3 Rhf8 19. Rc1 Qf5 20. Qc4 h6 21. Be3 Bf4 22. d4 g5 23. Bxf4 Qxf4 24. Rc2 c6 25. Re2 Rd7 26. Qe6 Qd6 27. Qg4 Re7 28. Re5 Rfe8 0-1

[Event "Madrid-ch final"]
[Site "Madrid"]
[Date "2019.05.30"]
[Round "6"]
[White "Estevez Sacristan, Deva"]
[Black "Lorenzo Bailador, Alfredo"]
[Result "0-1"]
[WhiteElo "1999"]
[BlackElo "2003"]
[PlyCount "92"]
[EventDate "2019.05.25"]
[EventType "swiss"]
[EventRounds "7"]
[EventCountry "ESP"]
[SourceTitle "CBM 190 Extra"]
[Source "ChessBase"]
[SourceDate "2019.07.15"]
[SourceVersion "1"]
[SourceVersionDate "2019.07.15"]
[SourceQuality "1"]

1. e4 e5 2. Nf3 Nc6 3. Bb5 a6 4. Ba4 Nf6 5. d4 exd4 6. e5 Ne4 7. 0-0 Be7 8. Re1 Nc5 9. Bxc6 dxc6 10. Nxd4 0-0 11. Nc3 Re8 12. Be3 Ne6 13. Ne4 Nxd4 14. Bxd4 Bf5 15. Qf3 Qxd4 16. Qxf5 Bb4 17. Ng5 Bxe1 18. Rxe1 Qd2 19. Qxh7+ Kf8 20. Nf3 Qh6 21. Qe4 b6 22. Nd4 c5 23. Nf5 Qh7 24. Re3 Rad8 25. h4 g6 26. Ng3 Rd4 27. Qf3 Qxh4 28. c3 Rd2 29. e6 f5 30. Re5 Kg8 31. Qc6 Rd1+ 32. Nf1 Qe7 33. Qf3 Rd6 34. Qg3 Qg7 35. Qe3 Re7 36. Ng3 Rd1+ 37. Nf1 Qf6 38. Qe2 Rd6 39. f4 Rdxe6 40. Rxe6 Qxe6 41. Qxa6 Qe4 42. g3 Kg7 43. a4 Qe2 44. c4 Qxb2 45. Qb7 Qd4+ 46. Kh2 Qxc4 0-1

[Event "Madrid-ch sf"]
[Site "Madrid"]
[Date "2019.05.09"]
[Round "4"]
[White "Moreno Uribarri, Miguel"]
[Black "Lorenzo Bailador, Alfredo"]
[Result "0-1"]
[WhiteElo "1674"]
[BlackElo "2003"]
[PlyCount "80"]
[EventDate "2019.05.06"]
[EventType "swiss"]
[EventRounds "9"]
[EventCountry "ESP"]
[SourceTitle "CBM 190 Extra"]
[Source "ChessBase"]
[SourceDate "2019.07.15"]
[SourceVersion "1"]
[SourceVersionDate "2019.07.15"]
[SourceQuality "1"]

1. e4 e5 2. Nf3 Nc6 3. Bc4 Nf6 4. Ng5 d5 5. exd5 b5 6. Bf1 Nd4 7. c3 Nxd5 8. cxd4 Qxg5 9. Bxb5+ Kd8 10. 0-0 Bb7 11. Qf3 Rb8 12. d3 Nf4 13. Bxf4 exf4 14. Bc6 Bxc6 15. Qxc6 Qb5 16. Qxb5 Rxb5 17. Nc3 Rb4 18. b3 Rxd4 19. Nb5 Rd5 20. Nxa7 Ba3 21. Rae1 Kd7 22. Re4 Ra8 23. Ra4 Bc5 24. Nb5 Rxa4 25. bxa4 Rxd3 26. Rc1 Bb6 27. Nc3 Rd2 28. Rd1 Bxf2+ 29. Kf1 Rxd1+ 30. Nxd1 Bd4 31. Ke2 Kc6 32. Kd3 Kd5 33. a5 c5 34. Nc3+ Bxc3 35. Kxc3 g5 36. Kd3 f5 37. a4 Kc6 38. Kc4 g4 39. Kd3 Kb7 40. Kc3 Ka6 0-1

[Event "San Sebastian de los Reyes op 20th"]
[Site "San Sebastian"]
[Date "2018.12.06"]
[Round "6"]
[White "Lorenzo Bailador, Alfredo"]
[Black "Lopez de Turiso, Jose Angel"]
[Result "1/2-1/2"]
[WhiteElo "2044"]
[BlackElo "1913"]
[PlyCount "48"]
[EventDate "2018.12.01"]
[EventType "swiss"]
[EventRounds "9"]
[EventCountry "ESP"]
[SourceTitle "CBM 187 Extra"]
[Source "ChessBase"]
[SourceDate "2018.11.04"]
[SourceVersion "1"]
[SourceVersionDate "2018.11.04"]
[SourceQuality "1"]

1. e4 c5 2. c3 Qa5 3. Nf3 Nc6 4. Bc4 b5 5. Bb3 c4 6. Bc2 d6 7. 0-0 Nf6 8. d4 cxd3 9. Qxd3 g6 10. Nbd2 a6 11. Nb3 Qc7 12. Nbd4 Bg7 13. Re1 0-0 14. a4 Ne5 15. Nxe5 dxe5 16. Nb3 Be6 17. Nd2 Rfd8 18. Qe2 b4 19. c4 a5 20. b3 Nd7 21. Bb2 Nc5 22. Nf1 Bc8 23. Rad1 Bb7 24. Bc1 e6 1/2-1/2

[Event "San Sebastian de los Reyes op 20th"]
[Site "San Sebastian"]
[Date "2018.12.02"]
[Round "2"]
[White "Lorenzo Bailador, Alfredo"]
[Black "Gallego Romero, Manuel"]
[Result "1-0"]
[WhiteElo "2044"]
[BlackElo "1478"]
[PlyCount "55"]
[EventDate "2018.12.01"]
[EventType "swiss"]
[EventRounds "9"]
[EventCountry "ESP"]
[SourceTitle "CBM 187 Extra"]
[Source "ChessBase"]
[SourceDate "2018.11.04"]
[SourceVersion "1"]
[SourceVersionDate "2018.11.04"]
[SourceQuality "1"]

1. e4 e5 2. Nf3 Nc6 3. d4 Bd6 4. c3 a6 5. Bc4 h6 6. 0-0 Nf6 7. dxe5 Bxe5 8. Nxe5 Nxe5 9. Bb3 0-0 10. f4 Nc6 11. e5 Nh7 12. Be3 Re8 13. Bc5 b6 14. Ba3 Na7 15. Bxf7+ Kh8 16. Qh5 Bb7 17. Nd2 c5 18. Bxe8 Qxe8 19. Qxe8+ Rxe8 20. Nc4 Re6 21. Rad1 Rg6 22. Rf2 Nf8 23. Nd6 Bc6 24. b4 Ne6 25. f5 Ba4 26. Rdd2 Rg5 27. fxe6 dxe6 28. Nf7+ 1-0

[Event "Madrid-ch Seniors 50"]
[Site "Madrid"]
[Date "2018.01.08"]
[Round "1"]
[White "Lorenzo Bailador, Alfredo"]
[Black "Rodriguez Bachiller, Luis"]
[Result "1-0"]
[WhiteElo "2011"]
[BlackElo "1634"]
[PlyCount "73"]
[EventDate "2018.01.08"]
[EventType "swiss"]
[EventRounds "9"]
[EventCountry "ESP"]
[SourceTitle "CBM 182 Extra"]
[Source "ChessBase"]
[SourceDate "2018.02.23"]
[SourceVersion "1"]
[SourceVersionDate "2018.02.23"]
[SourceQuality "1"]

1. e4 c6 2. d4 d5 3. exd5 cxd5 4. Bd3 Nf6 5. h3 Nc6 6. c3 e5 7. dxe5 Nxe5 8. Nf3 Nxd3+ 9. Qxd3 Bd6 10. Be3 Be6 11. Nbd2 0-0 12. 0-0 Qc7 13. Bd4 Ne8 14. Ng5 g6 15. Nxe6 fxe6 16. Rfe1 Qf7 17. Nf3 Nc7 18. Ne5 Qf5 19. Ng4 Bf4 20. Qe2 h5 21. Ne5 a6 22. Nd3 Bd6 23. a4 b5 24. b4 bxa4 25. Rxa4 Rfe8 26. Rea1 Nb5 27. Rxa6 Nxd4 28. cxd4 Rxa6 29. Rxa6 Bxb4 30. Nxb4 Qb1+ 31. Kh2 Qxb4 32. Rxe6 Rxe6 33. Qxe6+ Kg7 34. Qxd5 Qd2 35. Qe5+ Kf7 36. Qe3 Qa5 37. Qf4+ 1-0

[Event "Madrid-ch Seniors 50"]
[Site "Madrid"]
[Date "2017.01.18"]
[Round "8"]
[White "Lorenzo Bailador, Alfredo"]
[Black "Paarup, Torsten"]
[Result "1/2-1/2"]
[WhiteElo "1999"]
[BlackElo "1979"]
[PlyCount "67"]
[EventDate "2017.01.09"]
[EventType "swiss"]
[EventRounds "9"]
[EventCountry "ESP"]
[SourceTitle "CBM 176 Extra"]
[Source "ChessBase"]
[SourceDate "2017.03.02"]
[SourceVersion "1"]
[SourceVersionDate "2017.03.02"]
[SourceQuality "1"]

1. e4 c5 2. c3 d5 3. exd5 Nf6 4. Bb5+ Nbd7 5. c4 a6 6. Bxd7+ Qxd7 7. Nf3 e6 8. Qe2 Be7 9. dxe6 Qxe6 10. Qxe6 Bxe6 11. b3 0-0 12. d4 b5 13. d5 Bf5 14. Nbd2 Nxd5 15. cxd5 Bf6 16. Rb1 Rfe8+ 17. Kd1 Bxb1 18. Nxb1 Rad8 19. Re1 Rxd5+ 20. Kc2 Red8 21. Nc3 Bxc3 22. Kxc3 Rd3+ 23. Kc2 f6 24. Re3 R3d5 25. Re6 R8d6 26. Rxd6 Rxd6 27. Be3 Rd5 28. Ne1 c4 29. bxc4 bxc4 30. Nf3 Ra5 31. Kb2 Rb5+ 32. Kc3 Ra5 33. Kb2 Rb5+ 34. Kc3 1/2-1/2

[Event "Madrid-ch Seniors"]
[Site "Madrid"]
[Date "2016.01.15"]
[Round "5"]
[White "Garcia Gutierrez, Jose"]
[Black "Lorenzo Bailador, Alfredo"]
[Result "1/2-1/2"]
[WhiteElo "1907"]
[BlackElo "1951"]
[PlyCount "72"]
[EventDate "2016.01.11"]
[EventType "swiss"]
[EventRounds "9"]
[EventCountry "ESP"]
[SourceTitle "CBM 170 Extra"]
[Source "ChessBase"]
[SourceDate "2016.02.25"]
[SourceVersion "1"]
[SourceVersionDate "2016.02.25"]
[SourceQuality "1"]

1. b3 d5 2. Bb2 Nf6 3. e3 Bf5 4. Nf3 e6 5. Be2 Bd6 6. d3 h6 7. Ne5 0-0 8. 0-0 c6 9. Nd2 Qc7 10. Ndf3 Nbd7 11. Nxd7 Nxd7 12. h3 Rad8 13. Nh4 Bh7 14. f4 Qb6 15. Qd2 Be7 16. Nf3 Bc5 17. Bd4 Bxd4 18. Nxd4 Rfe8 19. Rae1 e5 20. fxe5 Rxe5 21. c3 Rde8 22. Bd1 Nc5 23. Bc2 Qa6 24. Nf3 R5e7 25. c4 dxc4 26. bxc4 Qa3 27. e4 Rd8 28. Qf4 Ne6 29. Qh4 f6 30. e5 fxe5 31. Rxe5 Rde8 32. Rfe1 Ng5 33. Rxe7 Rxe7 34. Nxg5 hxg5 35. Qg3 Rxe1+ 36. Qxe1 Bg6 1/2-1/2

[Event "Madrid-ch sf-A"]
[Site "Madrid"]
[Date "2015.03.24"]
[Round "8"]
[White "Lorenzo Bailador, Alfredo"]
[Black "Perez Cameselle, Francisco Jose"]
[Result "1/2-1/2"]
[WhiteElo "1998"]
[BlackElo "1862"]
[PlyCount "61"]
[EventDate "2015.03.09"]
[EventType "swiss"]
[EventRounds "9"]
[EventCountry "ESP"]
[SourceTitle "CBM 165 Extra"]
[Source "ChessBase"]
[SourceDate "2015.04.21"]
[SourceVersion "1"]
[SourceVersionDate "2015.04.21"]
[SourceQuality "1"]

1. e4 c5 2. c3 Nf6 3. e5 Nd5 4. d4 cxd4 5. Nf3 Nc6 6. Bc4 Nb6 7. Bb3 d6 8. exd6 Qxd6 9. 0-0 e6 10. cxd4 Be7 11. Nc3 0-0 12. Qd3 Nb4 13. Qe2 N6d5 14. Ne4 Qd8 15. a3 Nc6 16. Rd1 Qb6 17. Bxd5 exd5 18. Nc3 Be6 19. b4 a6 20. Be3 Rac8 21. Rac1 Rfd8 22. h3 h6 23. Qb2 Na5 24. Na4 Qb5 25. Nc3 Nc4 26. Qb3 Qe8 27. Na4 Bd7 28. Nc3 Be6 29. Na4 Bd7 30. Nc3 Be6 31. Na4 1/2-1/2

[Event "Madrid-ch sf-A"]
[Site "Madrid"]
[Date "2015.03.23"]
[Round "7"]
[White "Camacho Casado, Demetrio"]
[Black "Lorenzo Bailador, Alfredo"]
[Result "1-0"]
[WhiteElo "1916"]
[BlackElo "1998"]
[PlyCount "63"]
[EventDate "2015.03.09"]
[EventType "swiss"]
[EventRounds "9"]
[EventCountry "ESP"]
[SourceTitle "CBM 165 Extra"]
[Source "ChessBase"]
[SourceDate "2015.04.21"]
[SourceVersion "1"]
[SourceVersionDate "2015.04.21"]
[SourceQuality "1"]

1. d4 d5 2. Nf3 Nf6 3. Bf4 Bf5 4. e3 e6 5. Be2 Bd6 6. Bg3 Ne4 7. Nbd2 h6 8. Nxe4 Bxe4 9. 0-0 Bxg3 10. hxg3 Nd7 11. c4 c6 12. c5 0-0 13. b4 Qc7 14. a4 b6 15. Bd3 bxc5 16. bxc5 Bxd3 17. Qxd3 Rfb8 18. Rfb1 Qa5 19. g4 f6 20. g3 Rxb1+ 21. Qxb1 Rb8 22. Qc2 Rb7 23. Kg2 Nf8 24. e4 Qb4 25. exd5 exd5 26. Re1 Qb3 27. Qf5 Qxa4 28. Re8 Rf7 29. Nh4 Qa6 30. Ng6 Qb7 31. Qe6 Qd7 32. Rxf8+ 1-0

[Event "Madrid-ch sf-A"]
[Site "Madrid"]
[Date "2015.03.17"]
[Round "5"]
[White "Lopez de Turiso, Jose Angel"]
[Black "Lorenzo Bailador, Alfredo"]
[Result "1-0"]
[WhiteElo "2046"]
[BlackElo "1998"]
[PlyCount "71"]
[EventDate "2015.03.09"]
[EventType "swiss"]
[EventRounds "9"]
[EventCountry "ESP"]
[SourceTitle "CBM 165 Extra"]
[Source "ChessBase"]
[SourceDate "2015.04.21"]
[SourceVersion "1"]
[SourceVersionDate "2015.04.21"]
[SourceQuality "1"]

1. e4 e5 2. Bc4 Nf6 3. d3 Bc5 4. Nc3 d6 5. Na4 Bb4+ 6. c3 Ba5 7. b4 Bb6 8. Nxb6 axb6 9. f4 0-0 10. Nf3 exf4 11. Bxf4 d5 12. Bb3 dxe4 13. dxe4 Qxd1+ 14. Rxd1 Nxe4 15. Bxc7 Nxc3 16. Rd3 Re8+ 17. Ne5 Be6 18. Bxe6 fxe6 19. Rxc3 Rxa2 20. 0-0 Nc6 21. Bd6 Rd2 22. Nc4 Rd5 23. Rcf3 g6 24. Rf8+ Rxf8 25. Rxf8+ Kg7 26. Rd8 Nxb4 27. Be5+ Kh6 28. Rxd5 Nxd5 29. Nd6 Kg5 30. Kf2 h5 31. Kf3 b5 32. Ke4 b4 33. Nf7+ Kg4 34. h3+ Kh4 35. Kf3 b5 36. Bg3# 1-0

[Event "Madrid-ch Seniors 20th"]
[Site "Madrid"]
[Date "2015.01.15"]
[Round "8"]
[White "Pastor Alonso de Prado, Emilio Alberto"]
[Black "Lorenzo Bailador, Alfredo"]
[Result "1-0"]
[WhiteElo "2098"]
[BlackElo "2001"]
[PlyCount "61"]
[EventDate "2015.01.07"]
[EventType "swiss"]
[EventRounds "9"]
[EventCountry "ESP"]
[SourceTitle "CBM 164 Extra"]
[Source "ChessBase"]
[SourceDate "2015.03.02"]
[SourceVersion "1"]
[SourceVersionDate "2015.03.02"]
[SourceQuality "1"]

1. e4 e5 2. Nf3 Nc6 3. c3 Nf6 4. d4 Nxe4 5. d5 Ne7 6. Nxe5 Ng6 7. Nxg6 hxg6 8. Qe2 Qe7 9. Be3 a6 10. Nd2 d6 11. 0-0-0 Bd7 12. Qc4 Nxd2 13. Bxd2 Bb5 14. Qb4 0-0-0 15. Bxb5 axb5 16. Qxb5 Rh4 17. f3 Qd7 18. Qxd7+ Rxd7 19. Bg5 Rh5 20. h4 f6 21. g4 Rh8 22. Bf4 Re7 23. Kd2 Kd7 24. h5 gxh5 25. gxh5 Re8 26. a4 Be7 27. Rdg1 Rh7 28. Rg6 Reh8 29. h6 Bf8 30. hxg7 Bxg7 31. Rxg7+ 1-0